Meditaciones estéticas: ensayos
Uloženo v:
| Hlavní autor: | |
|---|---|
| Médium: | Kniha |
| Jazyk: | španělština |
| Vydáno: |
Santiago
Universitaria
1981
|
| Témata: | |
| Tagy: |
Přidat tag
Žádné tagy, Buďte první, kdo vytvoří štítek k tomuto záznamu!
|
MARC
| LEADER | 00000cam a2200000 a 4500 | ||
|---|---|---|---|
| 001 | UCZ2181 | ||
| 003 | CL-VaPUC | ||
| 008 | 950926e19810000CL |||||||||||||||||spa|d | ||
| 082 | 0 | 4 | |a 701 |b OYA |2 21 |
| 100 | |a Oyarzún Peña, Luis |e autor |9 879637 | ||
| 245 | 1 | 0 | |a Meditaciones estéticas: ensayos |
| 300 | |a 151 p | ||
| 942 | |c BK | ||
| 945 | |d 19950926 00:00:00 |a cmena | ||
| 260 | |a Santiago |b Universitaria |c 1981 | ||
| 650 | 0 | |a Estética |9 264950 | |
| 650 | 0 | |a Apreciación estética |9 345969 | |
| 650 | 0 | |a Obras de arte |9 337253 | |
| 650 | 0 | |a Ensayos |9 268724 | |
| 650 | 0 | |a Filosofía del arte |9 264951 | |
| 583 | |a last modification |c 20140821 01:17:03 |k Rodrigo Vera | ||
| 999 | |c 238825 |d 238823 | ||
| 952 | |0 0 |1 0 |4 0 |6 701_000000000000000_OYA_1981 |7 0 |8 P |9 249352 |a BIBEDU |b BIBEDU |c BIBEDU_PB |d 2019-11-18 |i 1565346 |o 701 OYA 1981 |p 1565346 |r 2024-01-25 |w 2019-11-18 |y BK |k FIL | ||
| 952 | |0 0 |1 0 |4 0 |6 701_000000000000000_OYA_1981 |7 0 |8 P |9 249353 |a BIBEDU |b BIBEDU |c BIBEDU_PB |d 2019-11-18 |i 144705K |o 701 OYA 1981 |p 144705K |r 2024-01-25 |w 2019-11-18 |y BK |k LIT | ||
| 952 | |0 0 |1 0 |4 0 |6 701_000000000000000_OYA_1981 |7 0 |8 P |9 249354 |a BIBEDU |b BIBEDU |c BIBEDU_PB |d 2019-11-18 |i 1447017 |o 701 OYA 1981 |p 1447017 |r 2024-01-25 |w 2019-11-18 |y BK |k LIT | ||
| 952 | |0 0 |1 0 |4 0 |6 701_000000000000000_OYA_1981 |7 0 |8 P |9 249355 |a BIBEDU |b BIBEDU |c BIBEDU_PB |d 2019-11-18 |i 1447068 |o 701 OYA 1981 |p 1447068 |r 2024-01-25 |w 2019-11-18 |y BK |k LIT | ||
| 952 | |0 0 |1 0 |3 erb |4 0 |6 701_000000000000000_OYA_1981 |7 0 |8 P |9 249356 |a BIBEDU |b BIBEDU |c BIBEDU_PB |i 5002788 |o 701 OYA 1981 |p 5002788 |r 2024-01-25 |w 2019-11-18 |y BK |z Catalogado en:20140821 |k FIL | ||